skbl

Dr Suryya Kumar Bhuyan Library Web-OPAC
ডঃ সূৰ্য্য
কুমাৰ ভূঞা পুথিভঁৰাল ৱেব-অ'পেক

All Research Scholars are advised to clear the annual library fees to continue using Library Resources, Remote Access, Plagiarism Test and Library Clearance.

Cotton University Book Fair 2026

Tests, Measurements and Research Methods in Behavioural Sciences / (Record no. 8573)

MARC details
000 -LEADER
fixed length control field 00752nam a2200277Ia 4500
001 - CONTROL NUMBER
control field 8586
005 - DATE AND TIME OF LATEST TRANSACTION
control field 20240113234121.0
007 - PHYSICAL DESCRIPTION FIXED FIELD--GENERAL INFORMATION
fixed length control field ta
008 - FIXED-LENGTH DATA ELEMENTS--GENERAL INFORMATION
fixed length control field 170320s1997 ii g b000 u 465 u
020 ## - INTERNATIONAL STANDARD BOOK NUMBER
Terms of availability HB
040 ## - CATALOGING SOURCE
Original cataloging agency SKBL,Cotton College
041 ## - LANGUAGE CODE
Language code of text/sound track or separate title 465
082 ## - DEWEY DECIMAL CLASSIFICATION NUMBER
Classification number 371.26
Item number Si 61 Te
100 ## - MAIN ENTRY--PERSONAL NAME
Personal name Singh, A.K..,
Relator term Author.
245 #0 - TITLE STATEMENT
Title Tests, Measurements and Research Methods in Behavioural Sciences /
Statement of responsibility, etc. A.K. Singh.
Medium Textual Documents
250 ## - EDITION STATEMENT
Edition statement 2nd ed. /
260 ## - PUBLICATION, DISTRIBUTION, ETC.
Place of publication, distribution, etc. Allahabad :
Name of publisher, distributor, etc. Bharati Bhandar ,
Date of publication, distribution, etc. 1997.
300 ## - PHYSICAL DESCRIPTION
Extent xiii, 498p. ;
Dimensions 24cm.
504 ## - BIBLIOGRAPHY, ETC. NOTE
Bibliography, etc. note Bib, Index
653 ## - INDEX TERM--UNCONTROLLED
Uncontrolled term Education
653 ## - INDEX TERM--UNCONTROLLED
Uncontrolled term Research Methods- Educations
942 ## - ADDED ENTRY ELEMENTS (KOHA)
Source of classification or shelving scheme Dewey Decimal Classification
Koha item type Books
Holdings
Withdrawn status Lost status Damaged status Not for loan Home library Current library Shelving location Date acquired Coded location qualifier Total checkouts Full call number Barcode Date last seen Copy number Price effective from Koha item type
        Dr. Suryya Kumar Bhuyan Library Dr. Suryya Kumar Bhuyan Library   01/02/2012 00000   371.26 Si 61 Te 501/edu 13/01/2024 2 01/02/2012 Books
        Dr. Suryya Kumar Bhuyan Library Dr. Suryya Kumar Bhuyan Library   01/02/2012 00000   371.26 Si 61 Te 499/Edn 13/01/2024 1 01/02/2012 Books
        Dr. Suryya Kumar Bhuyan Library Dr. Suryya Kumar Bhuyan Library   01/02/2012 00000   371.26 Si 61 Te 500/edn 13/01/2024 3 01/02/2012 Books

Designed and Maintained by Team SKBL
©1901-2026

Powered by Koha